000 00440nam a2200145Ia 4500
008 220217s9999||||xx |||||||||||||| ||und||
020 _a81-7366-788-8
082 _a005.8 KNI
100 _aKnipp, Eric. Browne, Brian. Weaver, Woody. Baumrucker, Tate,
_95653
245 0 _aManaging cisco network security
250 _a2nd
260 _aShroff publishers and dis. Pvt.
_bMumbai
_c2003
300 _b600
650 _aCOMPUTER NETWORK
999 _c176723
_d176723